MARC

LEADER 00000nam0a2200000 4500
001 33582
005 20231030215024.0
035 |a (RuTPU)RU\TPU\book\33934 
035 |a BOOK00000585 
090 |a 33582 
100 |a 20011210d1979 k y0rusy50 ca 
101 0 |a rus 
102 |a RU 
105 |a a g 000zy 
200 1 |a Монтаж кабельных линий  |f Е. Г. Пантелеев  |g под ред. Б. А. Делибаша 
210 |a Москва  |c Энергия  |d 1979 
215 |a 256 с.  |c ил. 
225 1 |a Справочник электромонтажника 
451 1 |0 (RuTPU)RU\TPU\book\33930  |y 5283011135  |t Монтаж и ремонт кабельных линий  |f Е. Г. Пантелеев  |e 2-е изд., перераб. и доп.  |c Москва  |n Энергоатомиздат  |d 1990  |p 288 с.  |s Справочник электромонтажника  |a Пантелеев, Евгений Григорьевич 
610 1 |a кабельная техника 
610 1 |a кабельные линии 
610 1 |a монтаж 
610 1 |a справочники 
675 |a 621.315.2.002(035)  |v 3 
700 1 |a Пантелеев  |b Е. Г.  |g Евгений Григорьевич 
702 1 |a Делибаш  |b Б. А.  |4 340 
801 0 |a RU  |b 63413507  |c 20011210  |g PSBO 
801 2 |a RU  |b 63413507  |c 20210527  |g PSBO 
900 |a Основы кабельной техники 
942 |c BK